Kings Island Roller Coasters Quiz Stats

 Plays Quiz not verified by Sporcle

Challenge
Share
Tweet
Embed
Score 0/15 Timer 05:00
0 Plays Today
Year Roller Coaster % Correct
1979The Beast
96.2%
2014Banshee
92.5%
2017Mystic Timbers
90.8%
2009Diamondback
89.1%
1987Vortex
86.3%
1972The Racer
86.2%
1993The Bat
78.6%
2007Firehawk
77.6%
Year Roller Coaster % Correct
1996Flight of Fear
77.1%
1999Invertigo
73.9%
1972Woodstock Express
67.3%
1991Adventure Express
61.8%
2005Backlot Stunt Coaster
60.9%
2001Flying ACE Aerial Chase
45.9%
1992Great Pumpkin Coaster
38.4%

You're not logged in!

Compare scores with friends on all Sporcle quizzes.
Join for Free
OR
Log In

You Might Also Like...

Show Comments

Extras

Top Quizzes Today


Score Distribution

Your Account Isn't Verified!

In order to create a playlist on Sporcle, you need to verify the email address you used during registration. Go to your Sporcle Settings to finish the process.

Report this User

Report this user for behavior that violates our Community Guidelines.

Details: